| 000 | 00525nam a2200181 a 4500 | ||
|---|---|---|---|
| 005 | 20240807063758.0 | ||
| 008 | 991125s1975 mx 000 0 spa u | ||
| 035 | _aUPN01000005857 | ||
| 049 | _aCG | ||
| 050 | 4 |
_aQH309 _bS5.28 |
|
| 100 | 1 | _aSimpson, George Gaylord | |
| 245 | 1 | 3 |
_aLa biología y el hombre / _cG. Gaylord Simpson ; tr. Ana María Uribe. |
| 260 |
_aMéxico : _bEDAMEX, _c1975. |
||
| 300 | _a197 p. | ||
| 440 | 3 | _aLa tecnología y el hombre | |
| 650 | 4 |
_aBiología _xEstudio y enseñanza _94241 |
|
| 905 | _aLibro | ||
| 999 |
_c5857 _d5857 |
||